[Event "Caracas Torbin op"]
[Site "Caracas"]
[Date "2014.12.19"]
[Round "2"]
[White "Pastran Gonzalez, Luis Jose"]
[Black "Sepulveda, Julio Orlando"]
[Result "1/2-1/2"]
[WhiteElo "1989"]
[BlackElo "2050"]
[PlyCount "135"]
[EventDate "2014.12.18"]
[EventType "swiss"]
[EventRounds "7"]
[EventCountry "VEN"]
[SourceTitle "CBM 164 Extra"]
[Source "ChessBase"]
[SourceDate "2015.03.02"]
[SourceVersion "1"]
[SourceVersionDate "2015.03.02"]
[SourceQuality "1"]

1. d4 d5 2. c4 e6 3. Nc3 Nf6 4. Bf4 Bd6 5. Bg3 c6 6. e3 a6 7. c5 Bc7 8. a4 a5 9. Rc1 Nbd7 10. Bxc7 Qxc7 11. f4 b6 12. cxb6 Qxb6 13. Qc2 Rb8 14. Be2 Qxb2 15. Qxb2 Rxb2 16. Nb5 Nb8 17. Nf3 Rxe2+ 18. Kxe2 Ba6 19. Ke1 Ke7 20. Na7 Ng4 21. Nxc6+ Kd6 22. Nfe5 Nxe5 23. Nxe5 Rf8 24. Kd2 f6 25. Nd3 Nc6 26. Rc5 Rb8 27. Rhc1 Bc4 28. Ne1 Rb4 29. Nc2 Rb2 30. Ke1 Ra2 31. g3 e5 32. fxe5+ fxe5 33. Rxc6+ Kxc6 34. dxe5 Kc5 35. Nd4 Rxh2 36. e6 Kd6 37. Rc3 g5 38. e4 g4 39. exd5 Bxd5 40. Re3 Ke7 41. Nf5+ Kf6 42. e7 Bc6 43. Nd6 Bxa4 44. e8Q Bxe8 45. Nxe8+ Kg6 46. Nd6 h5 47. Re6+ Kg5 48. Re5+ Kf6 49. Rxa5 h4 50. Ne4+ Ke6 51. gxh4 Rxh4 52. Kf2 g3+ 53. Nxg3 Rb4 54. Ke3 Rh4 55. Ne4 Rh1 56. Nf2 Rh4 57. Rb5 Ra4 58. Ne4 Ra1 59. Ng5+ Kd6 60. Nf3 Ra2 61. Ke4 Ra1 62. Rd5+ Ke6 63. Ng5+ Kf6 64. Rf5+ Kg6 65. Rc5 Ra4+ 66. Kf3 Rb4 67. Ne4 Rb1 68. Ng5 1/2-1/2